Nghiên cứu thực trạng cây xanh đường phố tại thành phố Tam Kỳ - tỉnh Quảng Nam nhằm đề xuất một số giải pháp phát triển bền vững
Tổng quan tài liệu: Giới thiệu hệ thống cây xanh đô thị. Tình hình nghiên cứu cây xanh đường phố... Đối tượng, địa điểm, thời gian, nội dung và phương pháp nghiên cứu... Kết quả nghiên cứu và biện luận...
Shranjeno v:
| Glavni avtor: | |
|---|---|
| Drugi avtorji: | |
| Format: | Knjiga |
| Jezik: | Vietnamese |
| Izdano: |
Đại học Đà Nẵng
Đại học Sư phạm
2011
|
| Serija: | Khóa luận tốt nghiệp khoa Sinh - Môi trường
|
| Teme: | |
| Oznake: |
Označite
Brez oznak, prvi označite!
|
| Thư viện lưu trữ: | Mạng thư viện Đại học Đà Nẵng |
|---|
| LEADER | 01615nam a2200349 4500 | ||
|---|---|---|---|
| 001 | 000012776 | ||
| 003 | 9095 | ||
| 005 | 20120228140207.0 | ||
| 008 | 120228s2011 viesd | ||
| 041 | |a vie | ||
| 072 | |a Khóa luận tốt nghiệp | ||
| 082 | |a 715 |b TR-L | ||
| 100 | |a Trương, Thị Lệ |e Tác giả | ||
| 245 | |a Nghiên cứu thực trạng cây xanh đường phố tại thành phố Tam Kỳ - tỉnh Quảng Nam nhằm đề xuất một số giải pháp phát triển bền vững |c Trương Thị Lệ | ||
| 260 | |a Đại học Đà Nẵng |b Đại học Sư phạm |c 2011 | ||
| 300 | |a 55 tr. |b Hình ảnh |c 29 cm | ||
| 490 | |a Khóa luận tốt nghiệp khoa Sinh - Môi trường | ||
| 520 | |a Tổng quan tài liệu: Giới thiệu hệ thống cây xanh đô thị. Tình hình nghiên cứu cây xanh đường phố... Đối tượng, địa điểm, thời gian, nội dung và phương pháp nghiên cứu... Kết quả nghiên cứu và biện luận... | ||
| 653 | |a Cây xanh | ||
| 653 | |a Giải pháp | ||
| 653 | |a Tam Kỳ - Quảng Nam | ||
| 700 | |a Nguyễn Thị Đào |c Th.S |e Hướng dẫn | ||
| OWN | |a LSP | ||
| AVA | |a UDN50 |b LSP |d 715 TR-L |e available |t Error 5001 Not defined in file expand_doc_bib_avail. |f 1 |g 0 |h N |i 0 |k 1 | ||
| 999 | |a From the UDN01 | ||
| AVA | |a UDN50 |b LSP |d 715 TR-L |e available |t Error 5001 Not defined in file expand_doc_bib_avail. |f 1 |g 0 |h N |i 0 |k 1 | ||
| TYP | |a Monograph | ||
| TYP | |a Printed language | ||
| 980 | |a Mạng thư viện Đại học Đà Nẵng | ||